000 00799nam a2200205Ia 4500
003 GCL
008 140319s9999 xx 000 0 ara d
040 _aGCL /
_cGCL
082 0 4 _a792.013
_bح ك
100 1 _aحسن عطية
245 1 0 _aكتاب تذكارى الى شهداء الفن والواجب دراما الخامس من سبتمبر /
_cحسن عطية
250 _aالاولى
260 _aالقاهرة :
_bوزارة الثقافة - مهرجان القاهرة الدولى للمسرح التجريبى
300 _a174ص ؛
_c24سم
650 0 4 _aالاخراج المسرحى
650 0 4 _aالتمثيل فى المسرح
650 0 4 _aالمسرح - الجوانب الاجتماعية
650 0 4 _aالمسارح - مواصفات الامان
942 _2ddc
_cBK
999 _c7787
_d7787